| 000 | 00000nam##2200000za#4500 |
| 001 | 9.686133 |
| 003 | CaOODSP |
| 005 | 20210624230410 |
| 007 | cr ||||||||||| |
| 008 | 150407|1999||||xxc|||||o f|0| 0 eng|d |
| 020 | |a0-662-30503-5 |
| 040 | |aCaOODSP|beng |
| 043 | |an-cn--- |
| 086 | 1 |aE2-343/1999E-IN |
| 110 | 1 |aCanada.|bForeign Affairs and International Trade. |bCanadian Centre for Foreign Policy Development. |
| 245 | 12|aA United Nations for a Secure Humanity : |h[electronic resource]|b1999 national forum report on Canada and the UN Security Council / |c[by] Peter S. Moore. |
| 260 | |aOttawa - Ontario : |bForeign Affairs and International Trade. |c1999. |
| 300 | |a18p. |
| 590 | |a10-07-Supp|b2010-09-08 |
| 690 | 07|aExternal relations|2gcpds |
| 720 | 1 |aMoore, Peter S. |
| 775 | 08|tUne organisation des Nations Unies garante de la sécurité humaine : |w(CaOODSP)9.630648 |
| 776 | 0#|tNational Forum on Canada's International Relations, 1999 : |w(CaOODSP)9.648171 |
| 856 | 40|ahttp://publications.gc.ca|qPDF|s324 KB|uhttps://publications.gc.ca/collections/Collection/E2-343-1999E.pdf |
| 986 | |a1018.2E |